000
00336nam a2200133Ia 4500
008
191201s2019 xx 000 0 und d
082
_a
615.1 RAH
100
_a
RAJE, VN
245
0
_a
Hospital and clinical pharmacy for 2nd year
260
_b
CBS Pub
_a
New Delhi
_c
2019
300
_a
220
650
_a
Hospital Pharmacy
942
_2
ddc
_c
BK
999
_c
8222
_d
8222